| 000 | 01995nam a2200481 i 4500 | ||
|---|---|---|---|
| 001 | 197624 | ||
| 003 | ES-MaACL | ||
| 005 | 20250805062652.0 | ||
| 007 | ta | ||
| 008 | 980209s1996 sp a bc 000 0 spa d | ||
| 010 | _a 98112895 | ||
| 017 | _aM 43204-1996 | ||
| 020 | _a8486022886 | ||
| 035 | _a(OCoLC)38221084 | ||
| 035 | _a1202933 | ||
| 040 |
_aIMO _cIMO _dDLC _bspa |
||
| 042 | _alccopycat | ||
| 043 |
_ae-sp--- _ae-hu--- |
||
| 050 | 0 | 0 |
_aND804 _b.O22 1996 |
| 245 | 0 | 0 |
_aObras maestras del arte español : _bMuseo de Bellas Artes de Budapest / _cBanco Bilbao Vizcaya, Madrid, diciembre de 1996-febrero de 1997 ; Museo de Bellas Artes, Bilbao, febrero-abril de 1997. |
| 260 |
_a[Madrid] : _bBanco Bilbao Vizcaya , _cc1996. |
||
| 300 |
_a187 páginas : _bilustraciones principalmente a color ; _c29 cm. |
||
| 336 |
_2rdacontent _atexto |
||
| 337 |
_2rdamedia _asin mediación |
||
| 338 |
_2rdacarrier _avolumen |
||
| 500 | _aEnsayos de Eva Nyerges y Francisco Calvo Serraller; catálogo de Eva Nyerges. | ||
| 504 | _aIncluye referencias bibliográficas (páginas 180-187). | ||
| 610 | 2 | 0 |
_aSzépművészeti Múzeum (Hungría)- _xExposiciones _9240982 |
| 650 | 4 |
_aPintura española- _916035 _vExposiciones |
|
| 650 | 4 |
_aPintura- _zHungría _9240983 |
|
| 655 | 7 |
_2tgfbne _9193628 _aCatálogos de exposiciones |
|
| 700 | 1 |
_aNyerges, Éva. _eorm _9240984 |
|
| 700 |
_aCalvo Serraller, Francisco, _d1948-2018 _9235031 _eaut |
||
| 710 | 2 |
_aSzépművészeti Múzeum (Hungary) _9240985 |
|
| 710 | 2 |
_aBanco Bilbao Vizcaya _92087 |
|
| 710 | 2 |
_aMuseo de Bellas Artes de Bilbao _95844 |
|
| 852 |
_aES-MaACL _cDEPO1 _jA-15712 _hDonación: Fernando Codina Rodríguez _xEncuadernación rústica _9206070 |
||
| 903 |
_aCodina Rodríguez, Fernando _ednr _9238631 |
||
| 942 |
_n0 _cMONOGRAFIA |
||
| 999 |
_c197624 _d197624 |
||